| 000 | 00572nam a2200157Ia 4500 | ||
|---|---|---|---|
| 003 | IN-BaIIA | ||
| 008 | 211028s9999 xx 000 0 eng d | ||
| 020 | _a9399-261-06201 | ||
| 040 | _cIIA Library | ||
| 080 |
_a(035)621.38 _bPDH-68:1 |
||
| 110 |
_aPhilips Data Handbook _96503 |
||
| 245 | 0 |
_aComponents and materials _bpt. 1, electron tubes, semiconductors and integrated circuits, circuit blocks : input/output device _cPhilips Data Handbook |
|
| 260 |
_aNetherlands, Philips Data Handbook _bPhilips Technical Library _c1968 |
||
| 300 | _a[various pagings.] | ||
| 942 | _cBK | ||
| 999 |
_c4646 _d4646 |
||